| 000 | 00518nam a2200205 a 4500 | ||
|---|---|---|---|
| 001 | BRCA_6512 | ||
| 005 | 20190320205503.0 | ||
| 008 | 270911s1912----gw-a######---#000-0#ger-# | ||
| 041 | _ager | ||
| 044 | _agw | ||
| 050 | 4 |
_aPT2613 _b.R46 H56 _c1912 |
|
| 100 | 1 |
_aGreinz, Rudolf _d1866-1942 _916266 |
|
| 245 | 1 | 0 |
_aHin ist hin! _cvon Rudolf Greinz. |
| 260 |
_aLeipzig _bL. Staackmann _c1912 |
||
| 300 |
_a119 p. _bil. _c17 cm. |
||
| 500 | _aL48 | ||
| 650 | 1 | 4 |
_aLiteratura Alemana _96160 |
| 902 | _aGFM | ||
| 942 |
_2lcc _cB |
||
| 999 |
_c6196 _d6196 |
||